[Event "Detroit (MCO/C/7/7)"]
[Site "?"]
[Date "1994.??.??"]
[Round "?"]
[White "Cooper, Willie"]
[Black "Koernke, R."]
[Result "0-1"]
[WhiteElo "1605"]
[BlackElo "1605"]
[PlyCount "48"]
[EventDate "1994.??.??"]

{7/(7)} 1. c4 c6 2. Nf3 d5 3. cxd5 cxd5 4. g3 Nc6 5. Bg2 e5 6. d3 Nf6 7. O-O h6
8. Nc3 Be6 9. h3 Bc5 10. a3 a5 11. Qa4 Qd7 12. Kh2 O-O 13. Nd2 Qe7 14. Qh4 Nd4
15. Rb1 b5 16. e3 Nf5 17. Qxf6 Qxf6 18. Nxd5 Bxd5 19. Bxd5 Rac8 20. Ne4 Qd8 21.
Ba2 Qxd3 22. Nd2 Nxe3 23. fxe3 Qe2+ 24. Kh1 Bxe3 0-1

[Event "Detroit (MCO/C/6/10)"]
[Site "?"]
[Date "1994.??.??"]
[Round "?"]
[White "Cooper, Willie"]
[Black "Keeley, G."]
[Result "1-0"]
[WhiteElo "1605"]
[BlackElo "1605"]
[PlyCount "79"]
[EventDate "1994.??.??"]

{6/(10)} 1. c4 e5 2. g3 d5 3. cxd5 Qxd5 4. Nf3 Nc6 5. Bg2 Bc5 6. O-O Nf6 7. Nc3
Qd8 8. d3 Be6 9. h3 Qd7 10. Kh2 O-O-O 11. Ng5 h5 12. Nxe6 Qxe6 13. Bg5 Rd7 14.
Bxf6 gxf6 15. h4 Rdd8 16. Ne4 Bb6 17. Bh3 f5 18. Qa4 Qg6 19. b4 Kb8 20. Nc5 Nd4
21. Nd7+ Ka8 22. Rfe1 Qe6 23. Nxb6+ Qxb6 24. Rac1 Rhg8 25. Rc5 f4 26. Bg2 c6
27. Rxe5 fxg3+ 28. fxg3 Qc7 29. Qa5 Qd7 30. Rf1 Qg4 31. Rg5 Qxe2 32. Rxf7 Rde8
33. Qc7 Nf3+ 34. Rxf3 Rxg5 35. hxg5 Qxa2 36. Rf7 Rb8 37. g6 Qa6 38. g7 h4 39.
Rf8 hxg3+ 40. Kh3 1-0

[Event "Detroit (Class C/2/19)"]
[Site "?"]
[Date "1994.??.??"]
[Round "?"]
[White "Cooper, Willie"]
[Black "Gregg, Ted"]
[Result "1-0"]
[WhiteElo "1605"]
[BlackElo "1605"]
[PlyCount "53"]
[EventDate "1994.??.??"]

{2/(19)} 1. c4 f5 2. Nc3 e6 3. d3 Nf6 4. Nf3 c6 5. g3 d5 6. cxd5 cxd5 7. Bg2
Bd7 8. O-O Bd6 9. e4 fxe4 10. dxe4 Bb4 11. exd5 Bxc3 12. dxe6 O-O 13. exd7 Ba5
14. Ne5 Nbxd7 15. Qb3+ Kh8 16. Nf7+ Rxf7 17. Qxf7 Qb6 18. a3 Rf8 19. Qc4 Ne5
20. Qc2 Nfg4 21. b4 Nxf2 22. Rxf2 Rxf2 23. Qxf2 Qxf2+ 24. Kxf2 Bb6+ 25. Ke2 Bd4
26. Ra2 b6 27. Rd2 1-0

[Event "Detroit (Class C/4/10)"]
[Site "?"]
[Date "1994.??.??"]
[Round "?"]
[White "Cooper, Willie"]
[Black "Elliott, J."]
[Result "1-0"]
[WhiteElo "1605"]
[BlackElo "1605"]
[PlyCount "111"]
[EventDate "1994.??.??"]

{4/(10)} 1. c4 g6 2. Nc3 Bg7 3. d4 c6 4. e4 d6 5. Nf3 Nf6 6. Be2 O-O 7. O-O a6
8. Be3 Ng4 9. Qd2 Nxe3 10. Qxe3 Qc7 11. Rac1 Bg4 12. Ng5 Bxe2 13. Nxe2 Nd7 14.
f4 e6 15. Qh3 h6 16. Nf3 Rae8 17. g4 f6 18. Nh4 Kf7 19. f5 g5 20. fxe6+ Rxe6
21. Nf5 Rh8 22. Qh5+ Kg8 23. Neg3 Nf8 24. d5 Re5 25. Kh1 c5 26. a3 Kh7 27. Nxg7
Qxg7 28. Nf5 Qg6 29. Qxg6+ Kxg6 30. Nxd6 Nd7 31. Rf5 Rb8 32. Rcf1 b5 33. Re1
Rb6 34. Nc8 Rb7 35. b3 bxc4 36. bxc4 Rb3 37. Rxe5 Nxe5 38. Ne7+ Kh7 39. d6 Rd3
40. Nd5 Nd7 41. Rb1 Kg6 42. Ne7+ Kf7 43. Nf5 Ke6 44. Rb7 Rxd6 45. Nxd6 Kxd6 46.
Ra7 Nb6 47. Rxa6 Kc6 48. Ra7 Nxc4 49. Rf7 Nxa3 50. Rxf6+ Kd7 51. Rxh6 c4 52.
Ra6 Nb1 53. Ra1 Nd2 54. Rc1 Nxe4 55. Rxc4 Nf2+ 56. Kg2 1-0

[Event "Detroit (MCO/C/3a/3)"]
[Site "?"]
[Date "1994.??.??"]
[Round "?"]
[White "Cooper, Willie"]
[Black "Barta, Roger"]
[Result "0-1"]
[WhiteElo "1605"]
[BlackElo "1605"]
[PlyCount "84"]
[EventDate "1994.??.??"]

1. c4 e6 2. g3 d5 3. cxd5 exd5 4. Bg2 Nf6 5. Nf3 Be7 6. O-O O-O 7. d3 c5 8. Qc2
Nc6 9. a3 h6 10. Nc3 Be6 11. e4 d4 12. Ne2 Nxe4 13. Nf4 Nf6 14. Nxe6 fxe6 15.
Qb3 Qd7 16. Bh3 Nd5 17. Kg2 Qd6 18. Re1 e5 19. Qxb7 Nb6 20. Nd2 Rab8 21. Qa6
Qd5+ 22. Kg1 Kh8 23. Bg2 Qf7 24. Ne4 Bd6 25. Qb5 Ne7 26. Re2 Nbd5 27. Qc4 Bc7
28. Nxc5 Bb6 29. Nd7 Rbc8 30. Nxe5 Qf6 31. Qb3 Qd6 32. Bd2 Nc3 33. bxc3 dxc3
34. Nf7+ Rxf7 35. Qxf7 cxd2 36. Rxe7 Bxf2+ 37. Qxf2 Rc1+ 38. Bf1 Qxe7 39. Qxd2
Rxa1 40. Qc3 Qe3+ 41. Kg2 Ra2+ 42. Kh3 Qe6+ 0-1

[Event "Detroit (MCO/C/1a/10)"]
[Site "?"]
[Date "1994.??.??"]
[Round "?"]
[White "Cooper, Willie"]
[Black "Allen, D."]
[Result "1/2-1/2"]
[WhiteElo "1605"]
[BlackElo "1605"]
[PlyCount "107"]
[EventDate "1994.??.??"]

1. c4 e5 2. g3 Nf6 3. Bg2 Bc5 4. Nf3 d6 5. O-O c6 6. d3 h6 7. Nc3 a6 8. Qc2 b5
9. cxb5 axb5 10. d4 exd4 11. Ne4 Nbd7 12. Bf4 Qe7 13. Nxc5 dxc5 14. Ne5 Nxe5
15. Bxe5 Bd7 16. Bxf6 gxf6 17. e3 d3 18. Qxd3 O-O 19. Rfd1 Rfd8 20. Qe2 Qe5 21.
h3 c4 22. f4 Qc5 23. Rd4 Bf5 24. Rxd8+ Rxd8 25. Qf3 Rd6 26. Kh2 Be6 27. e4 Rd3
28. Qe2 Qe3 29. Qxe3 Rxe3 30. f5 Bd7 31. a4 c3 32. bxc3 bxa4 33. Rxa4 Rxc3 34.
Rd4 Be8 35. Rd6 Kg7 36. h4 Rc5 37. Rd8 Re5 38. g4 c5 39. Rd5 c4 40. Bf3 c3 41.
Rxe5 fxe5 42. Bd1 f6 43. Kg3 Kf7 44. Kf3 Ke7 45. Kg3 Bb5 46. Bc2 Kd6 47. Kf3
Bc4 48. g5 h5 49. g6 Kc5 50. Ke3 Kb4 51. g7 Ka3 52. Bd3 Bg8 53. Bc2 Kb2 54. Kd3
1/2-1/2

[Event "Ann Arbor (MLS Jul-Aug)"]
[Site "?"]
[Date "1994.??.??"]
[Round "?"]
[White "Cooper, Stephen"]
[Black "Santiago, Reynaldo"]
[Result "0-1"]
[WhiteElo "1605"]
[BlackElo "1980"]
[PlyCount "46"]
[EventDate "1994.??.??"]

1. d4 Nf6 2. c4 c5 3. Nf3 g6 4. Nc3 Bg7 5. e3 O-O 6. Be2 b6 7. O-O Bb7 8. Qc2
Na6 9. a3 cxd4 10. exd4 d5 11. Be3 dxc4 12. Bxc4 Rc8 13. Qe2 Nc7 14. Rac1 Qd6
15. Ne5 a6 16. f3 b5 17. Ba2 e6 18. Rfd1 Ncd5 19. Nxd5 Nxd5 20. Rxc8 Rxc8 21.
Nd3 Nxe3 22. Rd2 Bxd4 23. Nf4 Rc1+ 0-1

[Event "Ann Arbor (MLS Jul-Aug)"]
[Site "?"]
[Date "1994.??.??"]
[Round "?"]
[White "Cooper, Stephen"]
[Black "Lindsey, P."]
[Result "1-0"]
[WhiteElo "1605"]
[BlackElo "1605"]
[PlyCount "80"]
[EventDate "1994.??.??"]

1. d4 Nf6 2. c4 c5 3. Bg5 cxd4 4. Bxf6 exf6 5. Nf3 Qa5+ 6. Nbd2 Nc6 7. a3 Qc7
8. Nb3 Qb6 9. Ra2 Bc5 10. Nxc5 Qxc5 11. Qd3 Ne5 12. Nxe5 fxe5 13. b4 Qc7 14. g3
Qc6 15. Rg1 Qh6 16. Qc2 d6 17. h4 Bf5 18. Qd2 Qxd2+ 19. Kxd2 Rc8 20. e3 dxe3+
21. Kxe3 Be6 22. Rc2 f5 23. f3 Rf8 24. Kd2 b6 25. Bd3 h6 26. Rgc1 g5 27. hxg5
hxg5 28. c5 bxc5 29. bxc5 dxc5 30. Rxc5 e4 31. Rxc8+ Bxc8 32. Rxc8+ Ke7 33.
Rxf8 Kxf8 34. fxe4 f4 35. gxf4 gxf4 36. Ke2 Ke7 37. Kf3 Kd6 38. Kxf4 Ke7 39.
Ke5 Kd7 40. Kd5 Ke7 1-0

[Event "Ann Arbor (MLS Oct-Nove)"]
[Site "?"]
[Date "1994.??.??"]
[Round "?"]
[White "Cooper, Stephen"]
[Black "Lindsey, P."]
[Result "0-1"]
[WhiteElo "1605"]
[BlackElo "1605"]
[PlyCount "54"]
[EventDate "1994.??.??"]

1. d4 Nf6 2. c4 c5 3. Nf3 cxd4 4. Nxd4 b6 5. Nc3 Bb7 6. f3 d6 7. e4 g6 8. Nd5
Nxd5 9. cxd5 Bg7 10. Bb5+ Kf8 11. Rb1 a6 12. Be2 b5 13. b4 Kg8 14. Bb2 Qb6 15.
Nb3 Nd7 16. Bxg7 Kxg7 17. Qd4+ Qxd4 18. Nxd4 Kf6 19. Kd2 e6 20. dxe6 fxe6 21.
Rhc1 Rac8 22. Bd1 Nb6 23. Kd3 Nc4 24. Rc3 d5 25. exd5 exd5 26. Rbc1 Rhe8 27.
R3c2 Re3# 0-1

[Event "Flint (MI Coll/2)"]
[Site "?"]
[Date "1994.??.??"]
[Round "?"]
[White "Conlon, Russell"]
[Black "Smith, Mike A"]
[Result "0-1"]
[WhiteElo "1840"]
[BlackElo "1875"]
[PlyCount "58"]
[EventDate "1994.??.??"]

1. d4 Nf6 2. Nc3 d5 3. e4 dxe4 4. f3 exf3 5. Nxf3 Bg4 6. h3 Bxf3 7. Qxf3 c6 8.
Be3 e6 9. Bd3 Be7 10. O-O Nbd7 11. g4 O-O 12. Rf2 Nd5 13. Raf1 Nxe3 14. Qxe3 c5
15. Rxf7 Rxf7 16. Qxe6 Nf6 17. Bc4 Qxd4+ 18. Kh1 Raf8 19. g5 Kh8 20. gxf6 Rxf6
21. Rxf6 Qxf6 22. Qd5 Qh4 23. Qe6 Qf6 24. Qe2 Qf3+ 25. Qxf3 Rxf3 26. Kg2 Rf8
27. Nd5 Bh4 28. Ne3 Rf2+ 29. Kg1 Rf4 0-1

[Event "Flint (MI Coll/3)"]
[Site "?"]
[Date "1994.??.??"]
[Round "?"]
[White "Conlon, Russell"]
[Black "Miller, Dan"]
[Result "1-0"]
[WhiteElo "1840"]
[BlackElo "1670"]
[PlyCount "63"]
[EventDate "1994.??.??"]

1. d4 d5 2. e4 dxe4 3. Nc3 Bf5 4. f3 exf3 5. Qxf3 e6 6. Qxb7 Nd7 7. Bb5 Bd6 8.
Nf3 Ngf6 9. Bg5 O-O 10. O-O-O Qb8 11. Qc6 Qb6 12. Nh4 Qxc6 13. Bxc6 Rab8 14.
Nxf5 exf5 15. Nb5 a6 16. Nxd6 cxd6 17. Rhf1 g6 18. Bxd7 Nxd7 19. Be7 Rfc8 20.
Bxd6 Rb6 21. Ba3 Nf6 22. Rd3 Ne4 23. d5 Rd8 24. b3 Rd7 25. c4 a5 26. Kb2 f6 27.
c5 Rb5 28. Rc1 Kf7 29. c6 Rdxd5 30. Rxd5 Rxd5 31. c7 Rd2+ 32. Rc2 1-0

[Event "Flint (MI Coll/5)"]
[Site "?"]
[Date "1994.??.??"]
[Round "?"]
[White "Conlon, Russell"]
[Black "Brewer, M."]
[Result "1-0"]
[WhiteElo "1840"]
[BlackElo "1605"]
[PlyCount "67"]
[EventDate "1994.??.??"]

1. d4 d5 2. e4 c6 3. Nc3 e6 4. Be3 Be7 5. f3 Nf6 6. e5 Nfd7 7. f4 c5 8. Nf3 Nc6
9. f5 cxd4 10. fxe6 fxe6 11. Bxd4 Qc7 12. Bb5 Nxd4 13. Qxd4 O-O 14. O-O-O Bc5
15. Qd2 Nxe5 16. Nxd5 Qd6 17. Qc3 exd5 18. Nxe5 Rf5 19. Rxd5 Bb4 20. Qd3 Qe7
21. Rd8+ Rf8 22. Rxf8+ Qxf8 23. Qc4+ Kh8 24. Nf7+ Kg8 25. Nd6+ Kh8 26. Qxb4 Bg4
27. Rf1 Qb8 28. Nf7+ Kg8 29. Nh6+ Kh8 30. Qxg4 Qxh2 31. Nf5 Qc7 32. Rh1 Rc8 33.
Bd3 Rd8 34. Rxh7+ 1-0

[Event "Detroit (Class B/3/10)"]
[Site "?"]
[Date "1994.??.??"]
[Round "?"]
[White "Collins, Charles"]
[Black "Velasquez, A."]
[Result "1-0"]
[WhiteElo "1700"]
[BlackElo "1625"]
[PlyCount "71"]
[EventDate "1994.??.??"]

{3/(10)} 1. d4 Nf6 2. c4 g6 3. g3 Bg7 4. Bg2 d6 5. Nf3 O-O 6. O-O Nbd7 7. Nc3
c5 8. e4 Rb8 9. Be3 Qc7 10. Qe2 Ng4 11. Nd5 Qd8 12. Bg5 Ngf6 13. Rad1 Nxd5 14.
exd5 Re8 15. Rfe1 cxd4 16. Nxd4 Ne5 17. b3 Qb6 18. Be3 Qd8 19. h3 Bd7 20. Qd2
Bc8 21. f4 Nd7 22. f5 Ne5 23. fxg6 fxg6 24. Rf1 Bd7 25. Rde1 Qc8 26. Kh2 a6 27.
Bh6 Bh8 28. Rf2 Qc5 29. Nf3 Nxf3+ 30. Rxf3 Bf5 31. Qf4 b5 32. g4 Be5 33. Rxe5
Rf8 34. Rxe7 bxc4 35. bxc4 Be4 36. Qxf8+ 1-0

[Event "Eastpointe (US Am N/1a/14)"]
[Site "?"]
[Date "1994.??.??"]
[Round "?"]
[White "Collins, Charles"]
[Black "McNeil, Yaking"]
[Result "1-0"]
[WhiteElo "1710"]
[BlackElo "1605"]
[PlyCount "58"]
[EventDate "1994.??.??"]

1. c4 c5 2. Nc3 Nc6 3. g3 g6 4. Bg2 Bg7 5. Nf3 Nf6 6. O-O O-O 7. d3 d6 8. a3
Bg4 9. h3 Bxf3 10. Bxf3 Rc8 11. Rb1 b6 12. b4 Qd7 13. Bg2 Rfd8 14. b5 Nd4 15.
e3 Nf5 16. Nd5 Nxd5 17. cxd5 e6 18. dxe6 Qxe6 19. h4 Be5 20. Bh3 Nxe3 21. Bxe6
Nxd1 22. Bxc8 Nc3 23. Rb3 Ne2+ 24. Kg2 Nxc1 25. Rxc1 Rxc8 26. f4 Bf6 27. Re1
Rd8 28. Re2 Kf8 29. Rb1 h6 1-0

[Event "Eastpointe (US Am N/3/23)"]
[Site "?"]
[Date "1994.??.??"]
[Round "?"]
[White "Collins, Charles"]
[Black "Koernke, R."]
[Result "0-1"]
[WhiteElo "1710"]
[BlackElo "1605"]
[PlyCount "78"]
[EventDate "1994.??.??"]

{3/(23)} 1. d4 d5 2. c4 e6 3. g3 c6 4. Bg2 Nf6 5. Nf3 dxc4 6. O-O Bd6 7. Qc2
Nbd7 8. Rd1 Nd5 9. Ne5 Bxe5 10. dxe5 Qc7 11. Nd2 Nxe5 12. Nxc4 Nxc4 13. Qxc4
Ne7 14. b3 O-O 15. Ba3 Rd8 16. Rac1 Ng6 17. Qc5 e5 18. b4 Bg4 19. Qc2 Qb6 20.
Qe4 Qa6 21. Qxg4 Qxa3 22. Qc4 Qa4 23. Rd3 Rxd3 24. Qxd3 Qxb4 25. Rb1 Qe7 26.
Qb3 b6 27. Bxc6 Rd8 28. Rd1 Rxd1+ 29. Qxd1 Nf8 30. a4 Ne6 31. e3 g6 32. Qd2 Nc5
33. Qc3 Qd6 34. Bf3 Nxa4 35. Qc8+ Kg7 36. Qe8 Nc5 37. h4 a5 38. h5 a4 39. hxg6
hxg6 0-1

[Event "Eastpointe (US Am N/5/33)"]
[Site "?"]
[Date "1994.??.??"]
[Round "?"]
[White "Collins, Charles"]
[Black "Calvo, E."]
[Result "0-1"]
[WhiteElo "1710"]
[BlackElo "1605"]
[PlyCount "82"]
[EventDate "1994.??.??"]

{5/(33)} 1. d4 e6 2. c4 Nf6 3. g3 b6 4. Bg2 c6 5. Nf3 d5 6. O-O Be7 7. Qc2 Bb7
8. Ne5 h6 9. Rd1 Bd6 10. cxd5 cxd5 11. Nc3 Nbd7 12. Nb5 Nxe5 13. Nxd6+ Qxd6 14.
Bf4 Nfd7 15. dxe5 Qe7 16. Qc7 Nc5 17. Qd6 Rd8 18. Qxe7+ Kxe7 19. b4 Na4 20. Rd4
b5 21. Rc1 Rc8 22. Rcd1 Rhd8 23. h4 Rc2 24. e4 Nc3 25. exd5 Ne2+ 26. Kf1 Nxd4
27. d6+ Kf8 28. Bxb7 Rb8 29. Be4 Rc4 30. Be3 Nc6 31. Bc5 Rxe4 32. d7+ Kg8 33.
Rd6 Rd8 34. Rxc6 Rxd7 35. Rc8+ Kh7 36. Bd6 f6 37. f4 fxe5 38. Bxe5 Rxb4 39. Re8
Rd2 40. Ke1 Rxa2 41. Re7 Rb1# 0-1

[Event "Eastpointe (EDO/3/22)"]
[Site "?"]
[Date "1994.??.??"]
[Round "?"]
[White "Collins, Charles"]
[Black "Bailey, Jason"]
[Result "0-1"]
[WhiteElo "1720"]
[BlackElo "1715"]
[PlyCount "68"]
[EventDate "1994.??.??"]

{3/(22)} 1. c4 g6 2. Nc3 Bg7 3. Nf3 e5 4. g3 Ne7 5. Bg2 c6 6. d3 d5 7. O-O dxc4
8. dxc4 Qxd1 9. Rxd1 Be6 10. Ne4 O-O 11. Nd6 b6 12. Ng5 Bd7 13. Nb5 a6 14. Nd6
h6 15. Nge4 f5 16. Nc3 Ra7 17. e4 f4 18. Rd3 g5 19. b4 g4 20. f3 h5 21. Na4 c5
22. bxc5 Bxa4 23. cxb6 Rd7 24. Ba3 Rfd8 25. Rc1 Nc8 26. c5 Bf8 27. b7 Nxd6 28.
cxd6 Rxb7 29. Rc7 Rd7 30. Rdc3 Rb1+ 31. Kf2 Bxd6 32. Bxd6 Rxd6 33. Rc8+ Kf7 34.
R3c7+ Nd7 0-1

[Event "Detroit (MI Op/6/12)"]
[Site "?"]
[Date "1994.??.??"]
[Round "?"]
[White "Clark, K."]
[Black "Mazuchowski, Tom"]
[Result "0-1"]
[WhiteElo "2035"]
[BlackElo "2195"]
[PlyCount "96"]
[EventDate "1994.??.??"]

{6/(12)} 1. d4 Nf6 2. c4 g6 3. Nc3 Bg7 4. e4 d6 5. Bd3 O-O 6. Nge2 Nbd7 7. O-O
c6 8. f3 a6 9. Be3 e5 10. a3 exd4 11. Nxd4 Ne5 12. Be2 d5 13. cxd5 cxd5 14. Bg5
dxe4 15. Nxe4 Qb6 16. Nxf6+ Bxf6 17. Bxf6 Qxf6 18. Qb3 Rd8 19. Rad1 Rxd4 20.
Rxd4 Nxf3+ 21. Bxf3 Qxd4+ 22. Kh1 Be6 23. Qxb7 Rd8 24. Be2 a5 25. Qb5 a4 26. h3
Bb3 27. Qg5 Rd5 28. Qf4 Qxf4 29. Rxf4 Rd2 30. Bb5 Rxb2 31. Bxa4 Bd5 32. Rg4 h5
33. Rg5 Rd2 34. Kg1 Kg7 35. Be8 Kf6 36. h4 Ke7 37. Bb5 Kd6 38. g4 Rg2+ 39. Kf1
Rxg4 40. Rxg4 hxg4 41. Kf2 Ke5 42. Kg3 Be6 43. Be8 f5 44. Bxg6 f4+ 45. Kg2 Bd5+
46. Kf1 f3 47. h5 g3 48. h6 Bc4+ 0-1

[Event "Detroit (MOR/2/29)"]
[Site "?"]
[Date "1994.??.??"]
[Round "?"]
[White "Choyke, J."]
[Black "Teper, G."]
[Result "1/2-1/2"]
[WhiteElo "1620"]
[BlackElo "1755"]
[PlyCount "43"]
[EventDate "1994.??.??"]

{2/(29)} 1. c4 Nf6 2. Nc3 e6 3. e4 d5 4. cxd5 exd5 5. e5 Nfd7 6. d4 Bb4 7. f4
O-O 8. Nf3 c5 9. a3 Ba5 10. Be3 Bxc3+ 11. bxc3 Qa5 12. Qd2 Nc6 13. Bd3 cxd4 14.
cxd4 Qxd2+ 15. Bxd2 Nb6 16. O-O h6 17. Rac1 Bg4 18. Be3 Na5 19. Nd2 Rac8 20. h3
Bd7 21. Kf2 Nac4 22. Ke2 1/2-1/2

[Event "Detroit (MOR/6/23)"]
[Site "?"]
[Date "1994.??.??"]
[Round "?"]
[White "Choyke, J."]
[Black "Salami, Samer"]
[Result "1-0"]
[WhiteElo "1620"]
[BlackElo "1605"]
[PlyCount "80"]
[EventDate "1994.??.??"]

{6/(23)} 1. b3 d5 2. e3 e5 3. Bb2 Nc6 4. Bb5 Bd6 5. Ne2 Bd7 6. O-O a6 7. Bxc6
Bxc6 8. f4 f6 9. Ng3 Qd7 10. fxe5 fxe5 11. Bxe5 O-O-O 12. Bxd6 Qxd6 13. Qg4+
Rd7 14. Qf4 Nf6 15. Qxd6 Rxd6 16. Nf5 Rd7 17. Nd4 Ne4 18. Nxc6 bxc6 19. d3 Nf6
20. Nc3 Ng4 21. Rae1 Re8 22. e4 dxe4 23. Nxe4 Rde7 24. h3 Nf6 25. Nxf6 Rxe1 26.
Nxe8 Rxe8 27. Kf2 Rf8+ 28. Ke2 Rxf1 29. Kxf1 Kd7 30. Ke2 Ke6 31. Ke3 Ke5 32.
d4+ Kf5 33. b4 h5 34. g3 g6 35. c4 g5 36. a4 Kf6 37. Ke4 Ke6 38. a5 Kf6 39. b5
cxb5 40. cxb5 axb5 1-0

[Event "Detroit (MOR/4/27)"]
[Site "?"]
[Date "1994.??.??"]
[Round "?"]
[White "Choyke, J."]
[Black "Quander, K."]
[Result "0-1"]
[WhiteElo "1620"]
[BlackElo "1605"]
[PlyCount "56"]
[EventDate "1994.??.??"]

{4/(27)} 1. c4 e5 2. Nc3 Nf6 3. Nf3 d6 4. g3 Be7 5. Bg2 c6 6. O-O e4 7. Nd4 d5
8. d3 exd3 9. Qxd3 dxc4 10. Qxc4 O-O 11. Rd1 Qb6 12. a3 Nbd7 13. Bf4 Qc5 14.
Qxc5 Bxc5 15. Nxc6 g5 16. Bxg5 bxc6 17. Bxc6 Rb8 18. b4 Bb6 19. Bf4 Ng4 20.
Bxb8 Nxb8 21. Bf3 Nxf2 22. Kg2 Bh3+ 23. Kg1 Nxd1+ 24. Kh1 Nxc3 25. Rc1 Na4 26.
e4 Rd8 27. Bd1 Nb2 28. Bb3 Nd3 0-1

[Event "Detroit (Class B/5/11)"]
[Site "?"]
[Date "1994.??.??"]
[Round "?"]
[White "Choyke, J."]
[Black "Moore, Robert"]
[Result "1/2-1/2"]
[WhiteElo "1625"]
[BlackElo "1720"]
[PlyCount "49"]
[EventDate "1994.??.??"]

{5/(11)} 1. d4 d6 2. e4 g6 3. Nc3 Bg7 4. f4 Nd7 5. Nf3 c5 6. Be3 cxd4 7. Bxd4
e5 8. fxe5 Nxe5 9. Bxe5 Bxe5 10. Nxe5 dxe5 11. Qxd8+ Kxd8 12. O-O-O+ Kc7 13.
Bc4 Be6 14. Bxe6 fxe6 15. Rhf1 Nh6 16. h3 Rhf8 17. b3 a6 18. g4 Ng8 19. Kd2 Ne7
20. Ne2 Nc6 21. c3 b5 22. Ng3 Rf4 23. Ne2 Rff8 24. Rxf8 Rxf8 25. Ke3 1/2-1/2

[Event "Trenton (Oct)"]
[Site "?"]
[Date "1994.??.??"]
[Round "?"]
[White "Choyke, J."]
[Black "McGinniss, M."]
[Result "1-0"]
[WhiteElo "1620"]
[BlackElo "1605"]
[PlyCount "58"]
[EventDate "1994.??.??"]

1. b3 e5 2. Bb2 Nc6 3. e3 Bc5 4. c4 Qe7 5. Nc3 Nf6 6. d3 O-O 7. Nf3 a6 8. Be2
Ba3 9. Bxa3 Qxa3 10. O-O Rb8 11. Qc1 Qxc1 12. Raxc1 d6 13. Rfd1 Bg4 14. h3 Bh5
15. Nd2 Bxe2 16. Nxe2 Nb4 17. d4 Nxa2 18. Ra1 Nb4 19. d5 Nd7 20. h4 Nd3 21.
Rdb1 N7c5 22. Ra3 Nb4 23. Nc3 Ncd3 24. e4 f5 25. f3 fxe4 26. Ndxe4 Nc2 27. Ra4
Rbe8 28. g4 Ne3 29. c5 b5 1-0

[Event "Eastpointe (US Am N/5/28)"]
[Site "?"]
[Date "1994.??.??"]
[Round "?"]
[White "Choyke, J."]
[Black "Mahabir, Jagdesh"]
[Result "1-0"]
[WhiteElo "1625"]
[BlackElo "1605"]
[PlyCount "55"]
[EventDate "1994.??.??"]

{5/(28)} 1. d4 d6 2. e4 Nf6 3. Nc3 g6 4. Bg5 Bg7 5. Qd2 O-O 6. f3 Nfd7 7. O-O-O
f6 8. Bc4+ Kh8 9. Bh6 Nb6 10. Bb3 e6 11. h4 Qe7 12. Bxg7+ Kxg7 13. f4 c5 14. a4
cxd4 15. Qxd4 Nc6 16. Qxd6 Qxd6 17. Rxd6 Re8 18. Nf3 h5 19. e5 f5 20. Ng5 Nd8
21. Rhd1 Bd7 22. a5 Nd5 23. Rxd7+ Kh8 24. Bxd5 exd5 25. Nxd5 Ne6 26. Nxe6 Rxe6
27. Nf6 b5 28. Rh7# 1-0

[Event "Detroit (Class B/2/13)"]
[Site "?"]
[Date "1994.??.??"]
[Round "?"]
[White "Choyke, J."]
[Black "Johnston, R."]
[Result "0-1"]
[WhiteElo "1625"]
[BlackElo "1745"]
[PlyCount "66"]
[EventDate "1994.??.??"]

{2/(13)} 1. e4 c5 2. Nc3 d6 3. Nge2 Nf6 4. g3 Nc6 5. Bg2 e6 6. d3 Be7 7. O-O a6
8. a4 O-O 9. b3 Qc7 10. Bb2 Bd7 11. Nf4 Rac8 12. Rc1 Nd4 13. Nfe2 Qb6 14. Nxd4
cxd4 15. Nb1 Bxa4 16. Ba3 Bd7 17. Nd2 Qa5 18. Nc4 Rxc4 19. dxc4 Qxa3 20. Qxd4
Qa5 21. Ra1 Qh5 22. h4 Ng4 23. Qb6 Bxh4 24. gxh4 Qxh4 25. Qxd6 e5 26. Rfe1
Qxf2+ 27. Kh1 Qf4 28. Kg1 f5 29. Qxf8+ Kxf8 30. exf5 Bc6 31. Re2 Qh2+ 32. Kf1
Bxg2+ 33. Rxg2 Ne3+ 0-1

[Event "Trenton (Oct)"]
[Site "?"]
[Date "1994.??.??"]
[Round "?"]
[White "Choyke, J."]
[Black "Iyer, Krishnan"]
[Result "1-0"]
[WhiteElo "1620"]
[BlackElo "1605"]
[PlyCount "48"]
[EventDate "1994.??.??"]

1. b3 b6 2. e3 Bb7 3. f4 e6 4. Nf3 Nf6 5. g3 d5 6. Bb2 Nbd7 7. Bg2 Bd6 8. O-O
Qe7 9. Nc3 O-O-O 10. Nb5 a6 11. Nxd6+ cxd6 12. Re1 e5 13. Bf1 Rhg8 14. a4 Ne8
15. a5 b5 16. Bh3 f6 17. d4 e4 18. Nd2 Qf7 19. Rc1 Kb8 20. c4 dxc4 21. bxc4 Nc7
22. Qb3 Rc8 23. cxb5 Qxb3 24. Nxb3 Nxb5 1-0

[Event "Eastpointe (US Am N/3/30)"]
[Site "?"]
[Date "1994.??.??"]
[Round "?"]
[White "Choyke, J."]
[Black "Hartwig, W."]
[Result "1-0"]
[WhiteElo "1625"]
[BlackElo "1605"]
[PlyCount "43"]
[EventDate "1994.??.??"]

{3/(30)} 1. d4 g6 2. e4 Bg7 3. Nc3 Nc6 4. Be3 Nh6 5. f3 O-O 6. Qd2 f5 7. Bxh6
e5 8. Bxg7 Kxg7 9. d5 Ne7 10. O-O-O fxe4 11. fxe4 c6 12. Nf3 cxd5 13. Nxd5 d6
14. Nxe7 Qxe7 15. Qxd6 Qf7 16. Qxe5+ Kg8 17. b3 Re8 18. Qd4 Qf4+ 19. Kb1 Bg4
20. Bc4+ Kf8 21. Qh8+ Ke7 22. Qg7+ 1-0

[Event "Detroit (Class B/4/16)"]
[Site "?"]
[Date "1994.??.??"]
[Round "?"]
[White "Choyke, J."]
[Black "Griffin, John"]
[Result "1-0"]
[WhiteElo "1625"]
[BlackElo "1605"]
[PlyCount "115"]
[EventDate "1994.??.??"]

{4/(16)} 1. d4 e6 2. e4 d5 3. Nd2 b6 4. Ngf3 dxe4 5. Nxe4 Bb7 6. Ned2 Nf6 7. c3
Be7 8. Bc4 O-O 9. O-O c5 10. Nb3 cxd4 11. Nbxd4 Nc6 12. Qe2 Nxd4 13. Nxd4 a6
14. Bxe6 Re8 15. Bb3 Qc7 16. Qc4 Qxc4 17. Bxc4 b5 18. Bb3 Bc5 19. Be3 Rad8 20.
Nf5 Bxe3 21. Nxe3 Rd2 22. Nd1 Nd5 23. c4 Nf4 24. Nc3 Nxg2 25. cxb5 Nf4 26. h4
axb5 27. Rae1 Rxe1 28. Rxe1 Kf8 29. Nxb5 Rd3 30. Nc7 Rd8 31. Ba4 g6 32. Re8+
Rxe8 33. Bxe8 Nd3 34. Ba4 Nxb2 35. Bb3 Bc6 36. Bd5 Bd7 37. Na6 Ke7 38. Nc5 Bf5
39. Be4 Bxe4 40. Nxe4 Na4 41. f4 f5 42. Ng5 h6 43. Nf3 Nc3 44. Nd4 Nxa2 45. h5
Kf6 46. hxg6 Kxg6 47. Kf2 Nb4 48. Kf3 Nd5 49. Nc6 Ne7 50. Nxe7+ Kf6 51. Nd5+
Ke6 52. Ne3 Kf6 53. Kg3 Kg6 54. Kh3 Kf6 55. Kh4 Kg6 56. Nd5 h5 57. Ne3 Kf6 58.
Kxh5 1-0

[Event "Eastpointe (US Am N/2/15)"]
[Site "?"]
[Date "1994.??.??"]
[Round "?"]
[White "Choyke, J."]
[Black "Aldrich, Jeff"]
[Result "0-1"]
[WhiteElo "1625"]
[BlackElo "1900"]
[PlyCount "110"]
[EventDate "1994.??.??"]

{2/(15)} 1. d4 d5 2. Bg5 Nd7 3. e3 c6 4. Bd3 Ngf6 5. Nf3 e6 6. c3 Be7 7. Nbd2
h6 8. Bh4 O-O 9. Qc2 c5 10. O-O-O c4 11. Be2 b5 12. h3 a5 13. g4 Nh7 14. Bg3 b4
15. Ne5 a4 16. Nc6 b3 17. Qb1 bxa2 18. Qxa2 Qe8 19. Nxe7+ Qxe7 20. Kc2 a3 21.
Ra1 e5 22. bxa3 exd4 23. cxd4 Nb6 24. Qb2 Na4 25. Qb4 Qf6 26. Qd6 Be6 27. Rhb1
Qg6+ 28. Kc1 Nc3 29. Bd1 Nxb1 30. Rxb1 Qd3 31. Qb4 c3 32. Nf3 Rfc8 33. Qb3 Bd7
34. Qc2 Qa6 35. Be2 Qxa3+ 36. Kd1 Ba4 37. Ne1 Bxc2+ 38. Nxc2 Qa2 39. Rc1 Qb2
40. h4 Nf6 41. f3 Ra2 42. Be1 Rca8 43. Bd3 Nd7 44. g5 Nb6 45. gxh6 gxh6 46. Bg3
Nc4 47. Bf4 Qb3 48. Ke2 Nb2 49. Rg1+ Kf8 50. Bxh6+ Ke7 51. Bg5+ Kd6 52. Bf4+
Kc6 53. Bf5 Qc4+ 54. Kf2 Nd3+ 55. Kg3 Rxc2 0-1

[Event "Detroit (MCO/Ch/1b/2)"]
[Site "?"]
[Date "1994.??.??"]
[Round "?"]
[White "Chow, A."]
[Black "Toma, A."]
[Result "0-1"]
[WhiteElo "2415"]
[BlackElo "2170"]
[PlyCount "24"]
[EventDate "1994.??.??"]

1. d4 Nf6 2. c4 e6 3. g3 d5 4. Bg2 dxc4 5. Nf3 b5 6. a4 c6 7. O-O Bb7 8. Ne5
Nd5 9. e4 Nb6 10. Qh5 g6 11. Nxg6 hxg6 12. Qxh8 Nxa4 $138 0-1